Nemzeti identitásválasztás és a kultúrához való jog
Elmentve itt :
| Szerző: | |
|---|---|
| További közreműködők: | |
| Adatforrás: | Philobibl |
| Forrásdokumentuma: | Kellék 2004:25. 203-225. p. |
| Dokumentumtípus: | Cikk |
| Nyelv: | magyar |
| Kulcsszavak: | identitástudat kultúra nemzet |
| Megjelent: |
2004
|
| LEADER | 00510nab a2200169 c 4500 | ||
|---|---|---|---|
| 001 | bibPHI0029172 | ||
| 005 | 20200924122444.6 | ||
| 008 | 061124s2004 xx hun | ||
| 100 | 1 | |a Tamir, Yael | |
| 245 | 1 | 0 | |a Nemzeti identitásválasztás és a kultúrához való jog |c Tamir, Yael ; [ford. Demeter M. Attila, Orosz Annamária] |
| 260 | |c 2004 | ||
| 695 | |a identitástudat | ||
| 695 | |a kultúra | ||
| 695 | |a nemzet | ||
| 700 | 1 | |a Demeter M. Attila | |
| 700 | 1 | |a Orosz Annamária | |
| 773 | 0 | |t Kellék |g 2004:25. 203-225. p. | |